000
00260nam a2200097Ia 4500
001
1300254
005
20260420095900.0
008
260420s9999 xx 000 0 und d
245
0
_a
SÜRPRİZ BİSİKLET
_c
NURSELİ ÇAĞLAYAN
260
_b
TİMAŞ ÇOCUK YAYINLARI
999
_c
1300254
_d
1300254